000 00671nam a2200277Ia 4500
005 20260324144808.0
008 008 260324s9999 xx 000 0 eng d
020 _a9780203126622
037 _aEBOOK
040 _aCRL
040 _beng
040 _cCRL
041 _2eng
041 _aeng
084 _qCRL
100 _aDavid Hargreaves; Stephen Hester; Frank Mellor
_91220641
245 0 _aDisaffection From School (RLE Edu M)
260 _bTaylor and Francis
260 _c1986
365 _a
365 _b145
856 _uhttp://www.taylorfrancis.com/books/9780203126622
942 _cEBOOK
999 _c1827704
_d1827704